[Event "Figueira da Foz op 14th"]
[Site "Figueira da Foz"]
[Date "2020.10.29"]
[Round "7"]
[White "Morais, Mario Martins Freit"]
[Black "Roettgen, Juergen"]
[Result "1-0"]
[WhiteElo "1808"]
[BlackElo "2099"]
[PlyCount "51"]
[EventDate "2020.10.24"]
[EventType "swiss"]
[EventRounds "9"]
[EventCountry "POR"]
[SourceTitle "CBM 199 Extra"]
[Source "ChessBase"]
[SourceDate "2021.01.31"]
[SourceVersion "1"]
[SourceVersionDate "2021.01.31"]
[SourceQuality "1"]

1. d4 d5 2. Nf3 Nf6 3. c4 c6 4. Nc3 dxc4 5. e3 b5 6. a4 b4 7. Na2 e6 8. Bxc4 Bd6 9. 0-0 0-0 10. Qe2 Nbd7 11. e4 Be7 12. Bf4 Qa5 13. Nc1 Qh5 14. Nd3 Bb7 15. Bd2 Qa5 16. Nf4 e5 17. Nd3 exd4 18. e5 Nd5 19. e6 N7f6 20. exf7+ Rxf7 21. Ng5 Bc8 22. Nxf7 Kxf7 23. Ne5+ Kf8 24. Nxc6 Qb6 25. Bxd5 Bg4 26. Qxe7# 1-0

[Event "Figueira da Foz op 14th"]
[Site "Figueira da Foz"]
[Date "2020.10.28"]
[Round "6"]
[White "Silva, Jose Lucas Ferreira"]
[Black "Morais, Mario Martins Freit"]
[Result "0-1"]
[WhiteElo "1336"]
[BlackElo "1808"]
[PlyCount "114"]
[EventDate "2020.10.24"]
[EventType "swiss"]
[EventRounds "9"]
[EventCountry "POR"]
[SourceTitle "CBM 199 Extra"]
[Source "ChessBase"]
[SourceDate "2021.01.31"]
[SourceVersion "1"]
[SourceVersionDate "2021.01.31"]
[SourceQuality "1"]

1. e4 g6 2. Nc3 Bg7 3. Bc4 d6 4. f4 Nf6 5. Nf3 0-0 6. h3 Nxe4 7. Nxe4 d5 8. Bd3 dxe4 9. Bxe4 Nd7 10. c3 Nc5 11. Bc2 Nd3+ 12. Bxd3 Qxd3 13. Qe2 Bf5 14. Qxd3 Bxd3 15. Kf2 c5 16. Re1 Bf6 17. Ne5 Rfd8 18. Re3 Ba6 19. b3 e6 20. Ke1 Rac8 21. c4 Rd4 22. g3 Rcd8 23. Ke2 b6 24. d3 Bb7 25. Bb2 R4d6 26. Rb1 Bg7 27. Bc3 Bg2 28. h4 h5 29. Rd1 Bh3 30. Rd2 Bf5 31. Bb2 a6 32. a4 f6 33. Nf3 Bg4 34. Kf2 Kf7 35. a5 b5 36. Ba3 b4 37. Bb2 Bh6 38. Ba1 R8d7 39. d4 Bxf3 40. Rxf3 cxd4 41. Rd1 Ke7 42. Rfd3 e5 43. Bb2 Ke6 44. Kf3 Kf5 45. Kg2 Rd8 46. Kh3 Bf8 47. fxe5 fxe5 48. Rf1+ Ke4 49. Rff3 Bh6 50. g4 Be3 51. Rfxe3+ dxe3 52. Rxd6 Rxd6 53. Kg2 Rd2+ 54. Kf1 Rxb2 55. c5 Kf3 56. Kg1 e2 57. gxh5 e1Q# 0-1

[Event "Figueira da Foz op 14th"]
[Site "Figueira da Foz"]
[Date "2020.10.25"]
[Round "3"]
[White "Guerreiro, Nuno M"]
[Black "Morais, Mario Martins Freit"]
[Result "1/2-1/2"]
[WhiteElo "2079"]
[BlackElo "1808"]
[PlyCount "87"]
[EventDate "2020.10.24"]
[EventType "swiss"]
[EventRounds "9"]
[EventCountry "POR"]
[SourceTitle "CBM 199 Extra"]
[Source "ChessBase"]
[SourceDate "2021.01.31"]
[SourceVersion "1"]
[SourceVersionDate "2021.01.31"]
[SourceQuality "1"]

1. Nf3 g6 2. c4 Bg7 3. g3 c6 4. Bg2 d5 5. Qc2 Nf6 6. 0-0 0-0 7. d3 b6 8. Nbd2 Bb7 9. Rb1 Na6 10. b4 Rc8 11. Qa4 dxc4 12. dxc4 Qc7 13. Bb2 Nd7 14. Bxg7 Kxg7 15. Rfd1 Ra8 16. Ne4 Rfd8 17. Qc2 f6 18. Nd4 Nf8 19. b5 cxb5 20. Nxb5 Rxd1+ 21. Rxd1 Qe5 22. f4 Qf5 23. Nd4 Qc8 24. Qc3 Nc5 25. Qa3 Kf7 26. Nxc5 Bxg2 27. Kxg2 bxc5 28. Nb3 Qe6 29. Kf2 Qxc4 30. Nxc5 Rc8 31. Nb3 a6 32. Rc1 Qe6 33. Rxc8 Qxc8 34. Nc5 Qc6 35. Nxa6 Qh1 36. h4 Qh2+ 37. Ke1 Qg1+ 38. Kd2 Qd4+ 39. Kc2 Qc4+ 40. Kd2 Qd4+ 41. Qd3 Qb2+ 42. Qc2 Qd4+ 43. Kc1 Qa1+ 44. Kd2 1/2-1/2

[Event "Lisbon Portugal rapid 2op"]
[Site "Lisbon"]
[Date "2020.02.02"]
[Round "3"]
[White "Veiga, Jose Francisco RP"]
[Black "Morais, Mario Martins Freit"]
[Result "1-0"]
[WhiteElo "2312"]
[BlackElo "1813"]
[PlyCount "72"]
[EventDate "2020.01.02"]
[EventType "swiss (rapid)"]
[EventRounds "8"]
[EventCountry "POR"]
[SourceTitle "CBM 194 Extra"]
[Source "ChessBase"]
[SourceDate "2020.03.31"]
[SourceVersion "1"]
[SourceVersionDate "2020.03.31"]
[SourceQuality "1"]

1. e4 g6 2. d4 Bg7 3. Nc3 c5 4. dxc5 Bxc3+ 5. bxc3 Qa5 6. Qd4 Nf6 7. Qb4 Nc6 8. Qxa5 Nxa5 9. Bd3 b6 10. cxb6 axb6 11. Be3 Bb7 12. f3 0-0 13. Bxb6 Rfc8 14. Bxa5 Rxa5 15. Ne2 Ba6 16. Kd2 d6 17. Rhb1 Nd7 18. Bxa6 Rxa6 19. Rb7 Rd8 20. Rc7 Kf8 21. Nd4 Ne5 22. f4 Ng4 23. h3 Nf6 24. Ke3 Rd7 25. Rxd7 Nxd7 26. Nb3 e5 27. g3 Ke7 28. a4 Nb6 29. a5 Nc4+ 30. Kd3 Nb2+ 31. Ke3 Nc4+ 32. Kd3 Nb2+ 33. Ke2 Ke6 34. Ra2 Nc4 35. Kd3 Nb6 36. axb6 Rxa2 1-0

[Event "Figueira da Foz op 13th"]
[Site "Figueira da Foz"]
[Date "2019.10.29"]
[Round "3"]
[White "Morais, Mario Martins Freit"]
[Black "Roettgen, Juergen"]
[Result "1/2-1/2"]
[WhiteElo "1742"]
[BlackElo "2157"]
[PlyCount "69"]
[EventDate "2019.10.27"]
[EventType "swiss"]
[EventRounds "9"]
[EventCountry "POR"]
[SourceTitle "CBM 192 Extra"]
[Source "Chessbase"]
[SourceDate "2019.11.06"]
[SourceVersion "1"]
[SourceVersionDate "2019.11.06"]
[SourceQuality "1"]

1. d4 d6 2. c4 Nf6 3. Qc2 e5 4. d5 Nbd7 5. Nc3 Be7 6. e4 0-0 7. Be2 a5 8. Nf3 Ne8 9. b3 Nc5 10. Be3 Nd7 11. 0-0 g6 12. Nd2 Ng7 13. g4 c6 14. h3 Bg5 15. f4 exf4 16. Bxf4 Ne5 17. Bxe5 dxe5 18. Nf3 Bf4 19. Kf2 f5 20. gxf5 gxf5 21. Bd3 Kh8 22. Ne2 cxd5 23. exd5 Qb6+ 24. c5 Qh6 25. Nxf4 Qxf4 26. Qd2 Qxd2+ 27. Nxd2 Nh5 28. Nc4 Nf4 29. Nxe5 Re8 30. Kf3 Rxe5 31. Kxf4 Rxd5 32. Bc4 Rd4+ 33. Ke5 Re4+ 34. Kd6 Rd4+ 35. Ke5 1/2-1/2

[Event "Figueira da Foz op 12th"]
[Site "Figueira da Foz"]
[Date "2018.11.01"]
[Round "6"]
[White "Correia, Pedro Mourao Soares"]
[Black "Morais, Mario Martins Freit"]
[Result "0-1"]
[WhiteElo "1518"]
[BlackElo "1766"]
[PlyCount "140"]
[EventDate "2018.10.28"]
[EventType "swiss"]
[EventRounds "9"]
[EventCountry "POR"]
[SourceTitle "CBM 187 Extra"]
[Source "ChessBase"]
[SourceDate "2018.11.04"]
[SourceVersion "1"]
[SourceVersionDate "2018.11.04"]
[SourceQuality "1"]

1. e4 g6 2. d4 Bg7 3. Nf3 c5 4. Bc4 cxd4 5. Nxd4 Qb6 6. c3 Nc6 7. Nf3 Nf6 8. Qe2 0-0 9. 0-0 d6 10. Be3 Qc7 11. Nbd2 Ng4 12. Bf4 a6 13. h3 Nge5 14. Bb3 b5 15. Rac1 Nd7 16. a3 Nc5 17. Ba2 Qb7 18. Qe3 Be6 19. Bxe6 Nxe6 20. Bh6 Rfc8 21. Bxg7 Kxg7 22. Nb3 Ncd8 23. Nfd4 Nxd4 24. Nxd4 Rc4 25. e5 dxe5 26. Qxe5+ f6 27. Qg3 Kf7 28. f4 Nc6 29. Qf3 Nd8 30. Qxb7 Nxb7 31. f5 Nd6 32. g4 Rc5 33. Kg2 Rac8 34. Rf2 Re5 35. Re2 Rxe2+ 36. Nxe2 gxf5 37. gxf5 Nxf5 38. Kf3 Rc4 39. b3 Rh4 40. Ng1 e5 41. c4 Rf4+ 42. Kg2 bxc4 43. b4 Rd4 44. a4 e4 45. Kf2 Rd2+ 46. Ke1 Ra2 47. Rxc4 Ra1+ 48. Kf2 e3+ 49. Kg2 Rxa4 50. Rf4 Ra2+ 51. Kf3 Ne7 52. Rd4 Rf2+ 53. Kxe3 Nf5+ 54. Kxf2 Nxd4 55. Ke3 Nc2+ 56. Kd3 Nxb4+ 57. Kc4 Nc2 58. Ne2 Ke6 59. Kc3 Ne3 60. Kd3 Ng2 61. Kd4 a5 62. Ke4 f5+ 63. Kd4 a4 64. Nc3 a3 65. Na2 Nf4 66. h4 h5 67. Ke3 Ng2+ 68. Kf3 Nxh4+ 69. Kg3 Ng6 70. Kf3 Ke5 0-1

[Event "Figueira da Foz op 12th"]
[Site "Figueira da Foz"]
[Date "2018.11.01"]
[Round "5"]
[White "Morais, Mario Martins Freit"]
[Black "Silva, Pedro Gil Ferreira"]
[Result "0-1"]
[WhiteElo "1766"]
[BlackElo "1837"]
[PlyCount "90"]
[EventDate "2018.10.28"]
[EventType "swiss"]
[EventRounds "9"]
[EventCountry "POR"]
[SourceTitle "CBM 187 Extra"]
[Source "ChessBase"]
[SourceDate "2018.11.04"]
[SourceVersion "1"]
[SourceVersionDate "2018.11.04"]
[SourceQuality "1"]

1. d3 d5 2. Nf3 Nf6 3. c3 c5 4. g3 e6 5. Bg2 Nc6 6. Nbd2 Be7 7. Qc2 0-0 8. 0-0 Qc7 9. e4 b5 10. d4 cxd4 11. cxd4 Qb6 12. e5 Nd7 13. Nb3 a5 14. Be3 Ba6 15. Rfc1 Rfc8 16. Qd1 a4 17. Nbd2 Nb4 18. Bf1 Rxc1 19. Qxc1 Rc8 20. Qd1 h6 21. a3 Nc2 22. Rc1 Nxe3 23. Rxc8+ Bxc8 24. fxe3 Qc6 25. Bd3 Nb6 26. Bb1 Bb7 27. Qc2 Qxc2 28. Bxc2 Bc6 29. Kf2 Nc4 30. Nxc4 bxc4 31. Ng1 c3 32. bxc3 Bxa3 33. Ke1 Bc1 34. Kd1 Bxe3 35. Ne2 f5 36. Nc1 Bxc1 37. Kxc1 g5 38. Kb2 Kf7 39. h4 gxh4 40. gxh4 Kg6 41. Bd1 f4 42. Bg4 Bd7 43. Ka3 h5 44. Bh3 f3 45. Kb4 f2 0-1

[Event "Figueira da Foz op 12th"]
[Site "Figueira da Foz"]
[Date "2018.10.28"]
[Round "1"]
[White "Morais, Mario Martins Freit"]
[Black "Elissalt Cardenas, Hector"]
[Result "0-1"]
[WhiteElo "1766"]
[BlackElo "2316"]
[PlyCount "38"]
[EventDate "2018.10.28"]
[EventType "swiss"]
[EventRounds "9"]
[EventCountry "POR"]
[SourceTitle "CBM 187 Extra"]
[Source "ChessBase"]
[SourceDate "2018.11.04"]
[SourceVersion "1"]
[SourceVersionDate "2018.11.04"]
[SourceQuality "1"]

1. d4 Nf6 2. Bf4 e6 3. Nf3 b6 4. e3 Bb7 5. Nbd2 Be7 6. Bd3 0-0 7. e4 c5 8. c3 Nc6 9. 0-0 cxd4 10. Nxd4 e5 11. Nxc6 dxc6 12. Qe2 exf4 13. e5 Nd5 14. Rad1 Qc8 15. a3 c5 16. c4 Nc7 17. Ne4 Qe6 18. Nf6+ Bxf6 19. exf6 Qxf6 0-1

[Event "Figueira da Foz op 11th"]
[Site "Figueira da Foz"]
[Date "2017.11.05"]
[Round "9"]
[White "Morais, Mario Martins Freit"]
[Black "Leite, Marta Sofia Carvalh"]
[Result "1-0"]
[WhiteElo "1457"]
[BlackElo "1915"]
[PlyCount "59"]
[EventDate "2017.10.29"]
[EventType "swiss"]
[EventRounds "9"]
[EventCountry "POR"]
[SourceTitle "CBM 181 Extra"]
[Source "ChessBase"]
[SourceDate "2017.12.12"]
[SourceVersion "1"]
[SourceVersionDate "2017.12.12"]
[SourceQuality "1"]

1. d4 d5 2. c4 e6 3. cxd5 exd5 4. Bf4 Nf6 5. Nf3 c6 6. h3 Bb4+ 7. Bd2 Bd6 8. Nc3 0-0 9. e3 Bf5 10. Be2 Nbd7 11. 0-0 Re8 12. Nh4 Be6 13. Nf3 Nf8 14. Bd3 Qd7 15. Ng5 Bf5 16. Qc2 Bg6 17. e4 dxe4 18. Ngxe4 Nxe4 19. Bxe4 Bxe4 20. Nxe4 Qf5 21. Rfe1 Rad8 22. Rac1 Bc7 23. Bc3 Bf4 24. Rcd1 Re6 25. Re2 Rg6 26. Kh1 Qd5 27. Qb3 Qh5 28. Rde1 Ne6 29. Qb4 Ng5 30. Nf6+ 1-0

[Event "Figueira da Foz op 11th"]
[Site "Figueira da Foz"]
[Date "2017.11.02"]
[Round "6"]
[White "Morais, Mario Martins Freit"]
[Black "Represa Perez, Mireya"]
[Result "0-1"]
[WhiteElo "1457"]
[BlackElo "2072"]
[PlyCount "92"]
[EventDate "2017.10.29"]
[EventType "swiss"]
[EventRounds "9"]
[EventCountry "POR"]
[SourceTitle "CBM 181 Extra"]
[Source "ChessBase"]
[SourceDate "2017.12.12"]
[SourceVersion "1"]
[SourceVersionDate "2017.12.12"]
[SourceQuality "1"]

1. e4 c5 2. Nf3 d6 3. d4 cxd4 4. Nxd4 Nf6 5. Nc3 a6 6. Bc4 e6 7. 0-0 Be7 8. Bb3 0-0 9. Be3 b5 10. a3 Bb7 11. f3 Nbd7 12. Nde2 Rc8 13. Nf4 Ne5 14. Qe2 Qc7 15. Rad1 Rfd8 16. Kh1 Nc4 17. Nd3 Nxa3 18. bxa3 Qxc3 19. Qf2 Nd7 20. Bd4 Qc7 21. Qg3 Bf6 22. Bxf6 Nxf6 23. Nf4 d5 24. exd5 Nxd5 25. Rd4 Ne3 26. Rxd8+ Rxd8 27. Re1 Nd5 28. Bxd5 Bxd5 29. Qg5 f6 30. Qg4 Qc4 31. h3 e5 32. Nxd5 Qxg4 33. Nxf6+ gxf6 34. hxg4 Kf7 35. g5 Rc8 36. gxf6 Kxf6 37. Rd1 Ke6 38. Rd2 Rc3 39. Kg1 Rxa3 40. Kf2 a5 41. Ke2 a4 42. Rd8 Ra1 43. Rb8 Rb1 44. c4 b4 45. Rb6+ Kd7 46. Kd3 a3 0-1